Bio-bibliografía de Francisco Almela i Vives / (Record no. 171723)
[ view plain ]
| 000 -LEADER | |
|---|---|
| campo de control de longitud fija | 00600nam a22001815i 4500 |
| 001 - NÚMERO DE CONTROL | |
| campo de control | 171723 |
| 003 - IDENTIFICADOR DE NÚMERO DE CONTROL | |
| campo de control | ES-MaACL |
| 005 - FECHA Y HORA DE LA ÚLTIMA TRANSACCIÓN | |
| campo de control | 20230906214717.0 |
| 008 - DATOS DE LONGITUD FIJA--INFORMACIÓN GENERAL | |
| campo de control de longitud fija | 090527s1960 sp |||| | spa d |
| 080 ## - NÚMERO DE LA CLASIFICACIÓN DECIMAL UNIVERSAL | |
| Número de la Clasificación Decimal Universal | 016:929(Almela y Vives, Francisco) |
| 100 1# - ENTRADA PRINCIPAL--NOMBRE DE PERSONA | |
| Nombre de persona | Soler Godes, Enric. |
| 9 (RLIN) | 107177 |
| 245 10 - MENCIÓN DEL TÍTULO | |
| Título | Bio-bibliografía de Francisco Almela i Vives / |
| Mención de responsabilidad, etc. | E. Soler Godes. |
| 260 ## - PUBLICACIÓN, DISTRIBUCIÓN, ETC. | |
| Lugar de publicación, distribución, etc. | [Valencia : |
| Nombre del editor, distribuidor, etc. | s.n.], |
| Fecha de publicación, distribución, etc. | 1960. |
| 300 ## - DESCRIPCIÓN FÍSICA | |
| Extensión | 73 p., 4 h de lám. ; |
| Dimensiones | 21 cm. |
| 500 ## - NOTA GENERAL | |
| Nota general | La primera lám., retr. de Almela y Vives. |
| 600 14 - PUNTO DE ACCESO ADICIONAL DE MATERIA--NOMBRE DE PERSONA | |
| Nombre de persona | Almela i Vives, Francesc. |
| 9 (RLIN) | 20131 |
| 852 ## - LOCALIZACIÓN | |
| Ubicación | ES-MaACL |
| Número de control de estantería | C-17712 |
| itemnumber | R.46065 |
| Estatus retirado | Estado de pérdida | Estado de daño | No para préstamo | Biblioteca de origen | Biblioteca actual | Ubicación en estantería | Fecha de adquisición | Fuente de adquisición | Total de préstamos | Signatura topográfica completa | Código de barras | Visto por última vez | Precio de reemplazo | Tipo de ítem Koha |
|---|---|---|---|---|---|---|---|---|---|---|---|---|---|---|
| Biblioteca del Ateneo de Madrid | Biblioteca del Ateneo de Madrid | Galería | 27/05/2009 | C-17712 | 1180208 | 23/02/2023 | 23/02/2023 | Libro impreso |
